[Event "2nd Asia-ch"]
[Site "Udaipur IND"]
[Date "2000.01.19"]
[Round "9.2"]
[White "Wu Wenjin"]
[Black "Xu Jun"]
[Result "0-1"]
[WhiteElo "2522"]
[BlackElo "2578"]
[EventDate "2000.01.10"]
[PlyCount "55"]

1.d4 Nf6 2.c4 e6 3.Nc3 Bb4 4.e3 c5 5.Bd3 d5 6.Ne2 O-O 7.O-O dxc4 8.Bxc4 
Nc6 9.Bd3 cxd4 10.exd4 Be7 11.a3 b6 12.Be3 Bb7 13.Rc1 Re8 14.Ng3 g6 15.Bb1
Na5 16.Re1 Nc4 17.Qe2 Nxe3 18.fxe3 Bd6 19.Ba2 Bxg3 20.hxg3 Nh5 21.Qg4 Qd6 
22.Kh2 a6 23.Rcd1 b5 24.Rf1 f5 25.Qh4 Nf6 26.Qf4 Red8 27.Kg1 Kg7 28.Rc1 
0-1

[Event "2nd Asia-ch"]
[Site "Udaipur IND"]
[Date "2000.01.19"]
[Round "9.5"]
[White "Harikrishna, Pentala"]
[Black "Wang Zili"]
[Result "1-0"]
[WhiteElo "2354"]
[BlackElo "2571"]
[EventDate "2000.01.10"]
[PlyCount "143"]

1.d4 Nf6 2.Nf3 c5 3.d5 g6 4.Nc3 Bg7 5.e4 d6 6.Bd3 O-O 7.O-O Na6 8.Nd2 Nc7 
9.a4 e6 10.Qf3 e5 11.Nc4 Nce8 12.Bd2 h5 13.Qg3 Ng4 14.f3 h4 15.Qe1 Nh6 16.
Qc1 Kh7 17.Bg5 Qd7 18.Bxh4 f5 19.exf5 Nxf5 20.Bg5 Nf6 21.Bxf6 Bxf6 22.Ne4 
Qd8 23.Nxf6+ Qxf6 24.Nd2 Qf7 25.Bc4 Ne3 26.Re1 Nxc4 27.Nxc4 Qxd5 28.Re4 
Kg7 29.Rh4 Bf5 30.Qh6+ Kf6 31.Ne3 Qc6 32.Rh5 Be6 33.f4 Kf7 34.Qh7+ Ke8 35.
Rg5 exf4 36.Nc4 f3 37.Qxg6+ Kd7 38.Qd3 f2+ 39.Kf1 Bxc4 40.Qxc4 Rae8 41.Qb5
Re7 42.Qxc6+ Kxc6 43.Rd1 c4 44.Rg3 Rh7 45.h3 Kc5 46.Rd2 Rhf7 47.c3 a6 48.
Rg5+ Kc6 49.Rg6 Kb6 50.Rgxd6+ Ka5 51.R6d4 b5 52.axb5 axb5 53.b3 cxb3 54.
Rb4 Re7 55.Rxf2 Rxf2+ 56.Kxf2 Rc7 57.Rxb3 Ka4 58.Rb4+ Ka5 59.Rb1 Rxc3 60.
h4 b4 61.h5 b3 62.h6 Kb4 63.h7 Rc2+ 64.Kf3 Rc3+ 65.Kf4 Rc4+ 66.Kg5 Rc5+ 
67.Kh4 Rc8 68.Rh1 b2 69.Kg5 Kc3 70.g4 Kd3 71.Rb1 Rc5+ 72.Kh6 1-0

[Event "2nd Asia-ch"]
[Site "Udaipur IND"]
[Date "2000.01.19"]
[Round "9.6"]
[White "Ganguly, Surya Shekhar"]
[Black "Rahman, Ziaur"]
[Result "1-0"]
[WhiteElo "2440"]
[BlackElo "2465"]
[EventDate "2000.01.10"]
[PlyCount "99"]

1.e4 c5 2.Nf3 Nc6 3.d4 cxd4 4.Nxd4 g6 5.c4 Bg7 6.Be3 Nf6 7.Nc3 O-O 8.Be2 
b6 9.O-O Bb7 10.f3 Rc8 11.Ndb5 d6 12.Qd2 a6 13.Na3 Re8 14.Rac1 Ne5 15.Rfd1
Ned7 16.Bf1 Qc7 17.Qf2 Bc6 18.Nd5 Qb8 19.Nc2 b5 20.Ncb4 bxc4 21.Nxc6 Rxc6 
22.Bxc4 Ne5 23.Nxf6+ Bxf6 24.Bf1 Rec8 25.b3 a5 26.Rxc6 Rxc6 27.h3 Qc7 28.
Qd2 h5 29.f4 Nd7 30.e5 Bg7 31.Bb5 Rc2 32.exd6 exd6 33.Qxd6 Qc3 34.Bd3 Re2 
35.Bxe2 Qxe3+ 36.Kh1 Nc5 37.Bf3 Ne6 38.Qd2 Qc5 39.Qd5 Qf2 40.Qd2 Qg3 41.
Bd5 Nxf4 42.Rf1 Be5 43.Rf3 Qh4 44.Bxf7+ Kg7 45.Bc4 g5 46.Qd7+ Kh6 47.g3 
Qxh3+ 48.Qxh3 Nxh3 49.Rf5 Bc3 50.Bf1 1-0

[Event "2nd Asia-ch"]
[Site "Udaipur IND"]
[Date "2000.01.19"]
[Round "9.7"]
[White "Barua, Dibyendu"]
[Black "Vakhidov, Tahir"]
[Result "1/2-1/2"]
[WhiteElo "2555"]
[BlackElo "2505"]
[EventDate "2000.01.10"]
[PlyCount "63"]

1.e4 e6 2.d4 d5 3.Nd2 c5 4.exd5 Qxd5 5.Ngf3 cxd4 6.Bc4 Qd6 7.O-O Nf6 8.Nb3
Nc6 9.Nbxd4 Nxd4 10.Nxd4 a6 11.c3 Qc7 12.Qe2 Bd6 13.h3 O-O 14.a4 Bh2+ 15.
Kh1 Bf4 16.Bxf4 Qxf4 17.Rfe1 Bd7 18.Kg1 Rac8 19.Bb3 Rfe8 20.Qe5 Qxe5 21.
Rxe5 Red8 22.f4 Be8 23.a5 Nd7 24.Re3 Rc5 25.Bd1 Nb8 26.b4 Rc7 27.Bb3 Nc6 
28.Nf3 Ne7 29.Ne5 Bc6 30.Nxc6 Nxc6 31.Kf2 Rd2+ 32.Re2 1/2-1/2

[Event "2nd Asia-ch"]
[Site "Udaipur IND"]
[Date "2000.01.19"]
[Round "9.8"]
[White "Yuldachev, Saydali"]
[Black "Al-Hadarani, Hatim"]
[Result "1-0"]
[WhiteElo "2509"]
[BlackElo "2350"]
[EventDate "2000.01.10"]
[PlyCount "64"]

1.e4 e6 2.d4 d5 3.Nd2 Nf6 4.e5 Nfd7 5.Bd3 b6 6.c3 Ba6 7.Bb1 c5 8.Ne2 Nc6 
9.Nf3 Be7 10.O-O g5 11.Be3 g4 12.Ne1 Qc7 13.f4 h5 14.f5 O-O-O 15.Nd3 Rdg8 
16.Qd2 h4 17.Bc2 h3 18.g3 Bb7 19.Nef4 Nd8 20.b4 c4 21.Nf2 Qc6 22.Qe2 a6 
23.a4 b5 24.axb5 axb5 25.Nxg4 Bg5 26.fxe6 Nxe6 27.Nxe6 fxe6 28.Bxg5 Rxg5 
29.Rf4 Kc7 30.Raf1 Kb6 31.Nf2 Qc8 32.Qe3 Rhg8 1-0

[Event "2nd Asia-ch"]
[Site "Udaipur IND"]
[Date "2000.01.19"]
[Round "9.9"]
[White "Kaiumov, Dmitry"]
[Black "Prakash, G. B."]
[Result "0-1"]
[WhiteElo "2475"]
[BlackElo "2435"]
[EventDate "2000.01.10"]
[PlyCount "74"]

1.e4 c6 2.d4 d5 3.Nc3 dxe4 4.Nxe4 Bf5 5.Ng3 Bg6 6.h4 h6 7.Nf3 Nd7 8.h5 Bh7
9.Bd3 Bxd3 10.Qxd3 Qc7 11.Bd2 Ngf6 12.O-O-O e6 13.Ne4 O-O-O 14.g3 Nxe4 15.
Qxe4 Bd6 16.c4 c5 17.Bc3 cxd4 18.Nxd4 Nc5 19.Qc2 a6 20.Nf3 Qc6 21.Ne5 Bxe5
22.Bxe5 Nd3+ 23.Rxd3 Qxh1+ 24.Rd1 Rxd1+ 25.Qxd1 Qxd1+ 26.Kxd1 f6 27.Bc3 
Kd7 28.Ke2 e5 29.g4 Ke6 30.c5 Kd5 31.b4 Kc4 32.Bd2 Rd8 33.Be1 Rd4 34.f3 
Rd3 35.a4 Ra3 36.a5 Rb3 37.Bd2 Kd4 0-1

[Event "2nd Asia-ch"]
[Site "Udaipur IND"]
[Date "2000.01.19"]
[Round "9.10"]
[White "Ghaem Maghami, Ehsan"]
[Black "Ramesh, Ramachandran"]
[Result "0-1"]
[WhiteElo "2446"]
[BlackElo "2443"]
[EventDate "2000.01.10"]
[PlyCount "89"]

1.e4 c6 2.c4 d5 3.exd5 cxd5 4.cxd5 Nf6 5.Nc3 Nxd5 6.Nf3 e6 7.d4 Bb4 8.Bd2 
Nc6 9.Bd3 Be7 10.Rc1 O-O 11.O-O Ndb4 12.Be4 Nxd4 13.Nxd4 Qxd4 14.Qe2 Nc6 
15.Rfd1 Qe5 16.f4 Qf6 17.Be3 Rd8 18.Bb1 g6 19.Rxd8+ Bxd8 20.Ne4 Qe7 21.Bc5
Bb6 22.Qf2 Bxc5 23.Qxc5 Qxc5+ 24.Rxc5 f5 25.Ng5 Bd7 26.Nf3 Rd8 27.Kf2 Bc8 
28.a3 h6 29.Ba2 Kf7 30.Rc2 Kf6 31.Re2 Rd6 32.h4 Ke7 33.g3 Bd7 34.Rc2 Nd4 
35.Nxd4 Rxd4 36.Re2 Rd6 37.Rc2 Bc6 38.Bc4 Be4 39.Re2 a6 40.a4 Rd4 41.b3 
Rd1 42.Re1 Rxe1 43.Kxe1 Bd5 44.Bxd5 exd5 45.Kd2 0-1

[Event "2nd Asia-ch"]
[Site "Udaipur IND"]
[Date "2000.01.19"]
[Round "9.11"]
[White "Thipsay, Praveen Mahadeo"]
[Black "Isaev, Jamshed"]
[Result "1/2-1/2"]
[WhiteElo "2475"]
[BlackElo "2425"]
[EventDate "2000.01.10"]
[PlyCount "61"]

1.e4 c5 2.Nf3 Nc6 3.d4 cxd4 4.Nxd4 Nf6 5.Nc3 e5 6.Ndb5 d6 7.Bg5 a6 8.Na3 
b5 9.Bxf6 gxf6 10.Nd5 Bg7 11.Bd3 Ne7 12.Nxe7 Qxe7 13.c3 f5 14.Nc2 O-O 15.
Qh5 d5 16.exf5 e4 17.Be2 Qe5 18.Ne3 b4 19.O-O bxc3 20.bxc3 Rd8 21.Rfd1 Rd6
22.f6 Bxf6 23.Rxd5 Qxh5 24.Bxh5 Rc6 25.c4 Be6 26.Rd2 Bg5 27.Be2 Rac8 28.
Rc2 a5 29.Rd1 Rc5 30.g3 f5 31.Kg2 1/2-1/2

[Event "2nd Asia-ch"]
[Site "Udaipur IND"]
[Date "2000.01.19"]
[Round "9.12"]
[White "Rezaei Saravi, Reza"]
[Black "Sundararajan, Kidambi"]
[Result "0-1"]
[WhiteElo "2220"]
[BlackElo "2433"]
[EventDate "2000.01.10"]
[PlyCount "86"]

1.e4 c6 2.d3 d5 3.Nd2 e5 4.Ngf3 Bd6 5.g3 Nf6 6.Bg2 O-O 7.O-O Bg4 8.h3 Bh5 
9.c3 Nbd7 10.Qc2 Re8 11.Re1 Qc7 12.Nh4 dxe4 13.dxe4 b5 14.Nf1 a5 15.Nf5 
Bf8 16.N1e3 Nc5 17.f3 Rad8 18.Ng4 Nfd7 19.Be3 f6 20.Bf1 Bf7 21.b4 Na4 22.
a3 Nab6 23.Bf2 Nc4 24.Nge3 Ndb6 25.Nxc4 Nxc4 26.Bxc4 Bxc4 27.Ne3 Be6 28.c4
axb4 29.cxb5 bxa3 30.bxc6 Rd6 31.Rec1 Red8 32.Nd5 Bxd5 33.exd5 Rxd5 34.Qb3
Qf7 35.c7 Rc8 36.Kg2 Rd7 37.Qxf7+ Kxf7 38.Bb6 Rd2+ 39.Kf1 Ke6 40.Ke1 Rb2 
41.Rcb1 Bb4+ 42.Kd1 Rxb1+ 43.Rxb1 Bc3 0-1

[Event "2nd Asia-ch"]
[Site "Udaipur IND"]
[Date "2000.01.19"]
[Round "9.13"]
[White "Babu, N. Sudhakar"]
[Black "Reilly, Tim"]
[Result "1/2-1/2"]
[WhiteElo "2335"]
[BlackElo "2192"]
[EventDate "2000.01.10"]
[PlyCount "51"]

1.d4 d6 2.c4 f5 3.g3 Nf6 4.Bg2 g6 5.Nc3 Bg7 6.Nh3 O-O 7.O-O Nc6 8.d5 Ne5 
9.b3 c5 10.dxc6 bxc6 11.Bb2 Rb8 12.Qc2 Bd7 13.Rad1 Nf7 14.e3 Ng4 15.e4 e5 
16.exf5 gxf5 17.Qe2 Qa5 18.Qd2 Bh6 19.Qe2 Rbe8 20.Kh1 Re6 21.Ba1 Rfe8 22.
Qb2 Bg7 23.Qd2 Bh6 24.Qb2 Bg7 25.Qd2 Bh6 26.Qb2 1/2-1/2